000 00560cab a2200205 4500
001 WB2501-55
008 090401t1988 xxu||||| |||| 00| 0 eng d
035 _a(Sirsi) u24637
041 _aeng
245 _aSeabed leases
260 _c1988
350 _a0
490 _aFinancial Times
_v22/12/88 p24
520 _aThe Crown Estate Commissioners are to keep their powers to allocate seabed leases to fish farmers.
650 _aFISH FARMING
650 _aMARINE RESOURCES
690 _aPLANNING LAW AND PRACTICE
942 _n0
948 _c04/03/1997
999 _c16527
_d16527